| 000 | 00000nam##2200000za#4500 |
| 001 | 9.578056 |
| 003 | CaOODSP |
| 005 | 20210624185915 |
| 007 | cr ||||||||||| |
| 008 | 150406|1986||||xxc|||||o f|0| 0 eng|d |
| 022 | |a1488-5387 |
| 040 | |aCaOODSP|beng |
| 043 | |an-cn--- |
| 086 | 1 |aFs97-4/1888E-PDF |
| 110 | 1 |aCanada. |bDepartment of Fisheries and Oceans. |
| 245 | 10|aExperimental commercial crab fishing project, Labrador / |h[electronic resource]|cby Wade Barney and Gary Wilton. |
| 260 | |aSt. John's - Newfoundland and Labrador : |bFisheries and Oceans Canada |cAugust 1986. |
| 300 | |a34p.|bgraph, map, tables |
| 490 | 1 |aCanadian manuscript report of fisheries and aquatic sciences|x1488-5387|vNo. 1888 |
| 500 | |aThe catalogue number (Fs97-4/1888E) and ISSN (0706-6473) for the print edition have been incorrectly copied in this electronic publication. |
| 504 | |aBibliography. |
| 546 | |a(Résumés en français) |
| 590 | |a13-27-Supp|b2013-11-15 |
| 690 | 07|aFisheries|2gcpds |
| 690 | 07|aShellfish|2gcpds |
| 720 | 1 |aBarney, W. |
| 720 | 1 |aWilton, Gary |
| 830 | #0|aCanadian manuscript report of fisheries and aquatic sciences,|x1488-5387|vNo. 1888|w(CaOODSP)9.505211 |
| 856 | 40|ahttp://publications.gc.ca|qPDF|s511 KB|uhttps://publications.gc.ca/collections/collection_2013/mpo-dfo/Fs97-4-1888-eng.pdf|yNo. 1888 |